LEADER 01681cam2-2200433---4500 001 990000596850203316 005 20140410085353.0 010 $a88-7104-329-4 035 $a0059685 035 $aUSA010059685 035 $a(ALEPH)000059685USA01 035 $a0059685 100 $a20010828d1991----km-y0itay50------ba 101 0 $aita 102 $aIT 105 $ay|||||||001yy 200 1 $aEducazione, tempo libero e sistemi di formazione extrascolastici$fRiccardo Fragnito 210 $aNapoli [etc.]$cEdizioni scientifiche italiane$d1991 215 $a126 p.$d24 cm 225 2 $aPubblicazioni dell'Università degli studi di Salerno$iSezione di studi psicologici, pedagogici e sociologici$v3 410 0$1001000322508$12001$aPubblicazioni dell'Università degli studi di Salerno. Sezione di studi psicologici, pedagogici e sociologici$v, 3 606 0 $aTempo libero$xFunzione educativa$2BNCF 676 $a370.119 700 1$aFRAGNITO,$bRiccardo$039184 801 0$aIT$bsalbc$gISBD 912 $a990000596850203316 951 $aXXX.A. Coll. 229/ 3$b244465 L.M.$cXXX.A. Coll.$d00353823 951 $aXXX.A. Coll. 229/ 3a(III 5 2)$b2283 DSSS$cXXX.A. Coll.$d00353824 951 $aII.4. 153(Varie Coll. 716/3)$b123470 L.M.$cII.4. 959 $aBK 969 $aUMA 979 $aPATRY$b90$c20010828$lUSA01$h1758 979 $c20020403$lUSA01$h1709 979 $aPATRY$b90$c20040406$lUSA01$h1641 979 $aCOPAT2$b90$c20050204$lUSA01$h1151 979 $aANNAMARIA$b90$c20140404$lUSA01$h0854 979 $aANNAMARIA$b90$c20140410$lUSA01$h0853 996 $aEducazione, tempo libero e sistemi di formazione extrascolastici$9882415 997 $aUNISA LEADER 02335nam 2200361 n 450 001 9910647223103321 005 20230328214845.0 010 $a3-0365-6403-9 035 $a(CKB)5680000000300116 035 $a(NjHacI)995680000000300116 035 $a(EXLCZ)995680000000300116 100 $a20230328d2023 uu 0 101 0 $aeng 135 $aur||||||||||| 181 $ctxt$2rdacontent 182 $cc$2rdamedia 183 $acr$2rdacarrier 200 00$aNew Advances in Oil, Gas and Geothermal Reservoirs /$fedited by Daoyi Zhu 210 1$a[Place of publication not identified] :$cMDPI AG,$d2023. 215 $a1 online resource (200 pages) 311 $a3-0365-6402-0 327 $aAbstract -- Introduction -- Review of Research Presented in This Special Issue -- Conclusions -- Acknowledgments -- Conflicts of Interest -- References. 330 $aThe demand for global fossil energy continues to be strong, meaning that the exploitation of oil and gas resources is still very important. In addition, due to the continuous reduction in conventional oil and gas recoverable resources, the development of unconventional oil and gas resources and geothermal energy has gradually become an important replacement. Therefore, it is urgent to improve the existing mechanism analysis, research methods and engineering technology to improve the production and development efficiency of oil, gas, and geothermal resources. This reprint presents 11 recent works on the application of new theories and technologies in oil, gas, and geothermal reservoirs. The content covers well-drilling, cementing, hydraulic fracturing, improved oil recovery, conformance control, and geothermal energy development. The new progress presented in this reprint will help scientists and researchers to better understand and master the latest theories and techniques for oil, gas, and geothermal reservoirs, which has important practical significance for the economical and effective development of oil, gas, and geothermal resources. 606 $aGeothermal resources 615 0$aGeothermal resources. 676 $a333.88 702 $aZhu$b Daoyi 801 0$bNjHacI 801 1$bNjHacl 906 $aBOOK 912 $a9910647223103321 996 $aNew Advances in Oil, Gas and Geothermal Reservoirs$93018121 997 $aUNINA